KOHA-Header-6

Issues In Pakistan's Economy (Record no. 8584)

000 -LEADER
fixed length control field 00262nam a2200109Ia 4500
100 ## - MAIN ENTRY--AUTHOR NAME
Personal name S.Akbar Zaidi
245 #0 - TITLE STATEMENT
Title Issues In Pakistan's Economy
260 ## - PUBLICATION, DISTRIBUTION, ETC. (IMPRINT)
Place of publication Karachi
Name of publisher Oxford
Year of publication 2001
300 ## - PHYSICAL DESCRIPTION
Number of Pages 457
942 ## - ADDED ENTRY ELEMENTS (KOHA)
Koha item type Books
Holdings
Withdrawn status Lost status Collection code Permanent Location Current Location Shelving location Date acquired Full call number Accession Number Koha item type
    Economics MAJU MAJU Shelf No.A48 2019-09-14 330.2 3408 Economics

Powered by Koha